Paesi sull'Equatore - Morte improvvisa - Statistics

Statistiche generali
  • Questo quiz è stato fatto 207 volte
  • Il punteggio medio è 3 su 11
Answers on the Grid
Answers color-coded by a green-red scale on the quiz's grid according to % correct below.
São Tomé and Príncipe
Gabon
Repubblica del Congo
Repubblica Democratica del Congo
Uganda
Kenya
Somalia
Indonesia
Ecuador
Colombia
Brasile
Venezuela
Suriname
Perù
Bolivia
Panama
Nigeria
Etiopia
Tanzania
Sudan
Madagascar
Ciad
India
Sri Lanka
Oman
Filippine
Australia
Vietnam
Cina
Singapore
 
Statistiche sulle risposte
Risposta % Corretto
Brasile
53%
Ecuador
53%
Repubblica Democratica del Congo
45%
Repubblica del Congo
34%
Indonesia
31%
Kenya
25%
Colombia
20%
São Tomé and Príncipe
19%
Uganda
18%
Gabon
17%
Somalia
16%
Nessun quiz corrispondente trovato
Distribuzione punteggi
Percentuale di utenti per punteggio
Percentile per numero di risposta
I tuoi punteggi nel tempo
Non hai fatto questo quiz